| 000 | 01534cam a22004454a 4500 | ||
|---|---|---|---|
| 001 | muse84852 | ||
| 003 | MdBmJHUP | ||
| 005 | 20210127151618.0 | ||
| 006 | m o d | ||
| 007 | cr||||||||nn|n | ||
| 008 | 011017s2001 mx o 00 0 spa d | ||
| 010 | _z 2001439623 | ||
| 020 | _a9786076288580 | ||
| 020 | _z9681208927 | ||
| 020 | _z9789681208929 | ||
| 035 | _a(OCoLC)1151459571 | ||
| 040 |
_aMdBmJHUP _cMdBmJHUP |
||
| 043 | _an-mx--- | ||
| 050 | 0 | 4 |
_aF1233 _b.P22 2001 |
| 082 | 0 |
_a972/.07 _221 |
|
| 100 | 1 | _aPani, Erika. | |
| 245 | 1 | 0 |
_aPara mexicanizar el segundo imperio _bel imaginario político de los imperialistas / _cErika Pani. |
| 250 | _a1. ed. | ||
| 264 | 1 | _bInstituto de Investigaciones Dr. Jose María Luis Mora, | |
| 264 | 3 | _bProject MUSE, | |
| 300 | _a1 online resource (444 p.) | ||
| 504 | _aIncludes bibliographical references (p. 413-444). | ||
| 506 | 0 |
_aOpen Access _fUnrestricted online access _2star |
|
| 588 | _aDescription based on print version record. | ||
| 651 | 0 |
_aMexico _xHistory _yEuropean intervention, 1861-1867. |
|
| 650 | 0 |
_aLiberalism _zMexico _xHistory _y19th century. |
|
| 655 | 7 |
_aElectronic books. _2local |
|
| 710 | 2 |
_aProject Muse. _edistributor |
|
| 830 | 0 | _aBook collections on Project MUSE. | |
| 856 | 4 | 0 |
_zFull text available: _uhttps://muse.jhu.edu/book/74591/ |
| 999 |
_c26400 _d26400 |
||